| 000 | 00571nam a2200193Ia 4500 | ||
|---|---|---|---|
| 008 | 191130s2004##################000#0#eng## | ||
| 020 | _a9780199249343 | ||
| 040 |
_aACL _cACL |
||
| 082 | _a338.925 BOR | ||
| 100 | _aBortolotti, Bernardo | ||
| 245 |
_aThe problems of Privatization: an international analysis _cBernardo Bortolotti, Domenico Siniscalco |
||
| 250 | _a1st edition | ||
| 260 |
_aOxford _bOxford University Press _c2004 |
||
| 300 | _ax., 170p | ||
| 650 | _aEconomics | ||
| 990 | _aae0f45a7ac10000c1e8bc6237bbfdff0 | ||
| 991 | _a419659 | ||
| 999 |
_c65733 _d65733 |
||